OFDM for wireless communications systems (E BOOK) (Record no. 208925)

000 -LEADER
fixed length control field 00418 a2200169 4500
003 - CONTROL NUMBER IDENTIFIER
control field Nust
005 - DATE AND TIME OF LATEST TRANSACTION
control field 20170207164424.0
020 ## - INTERNATIONAL STANDARD BOOK NUMBER
International Standard Book Number 1-58053-796-0
040 ## - CATALOGING SOURCE
Transcribing agency Nust
082 ## - DEWEY DECIMAL CLASSIFICATION NUMBER
Classification number 621.382
100 ## - MAIN ENTRY--PERSONAL NAME
Personal name Prasad, Ramjee
245 ## - TITLE STATEMENT
Title OFDM for wireless communications systems (E BOOK)
Statement of responsibility, etc. Ramjee Prasad
260 ## - PUBLICATION, DISTRIBUTION, ETC.
Place of publication, distribution, etc. Boston
Name of publisher, distributor, etc. Artech House
Date of publication, distribution, etc. 2004
300 ## - PHYSICAL DESCRIPTION
Extent 291p
538 ## - SYSTEM DETAILS NOTE
System details note E Book
650 ## - SUBJECT ADDED ENTRY--TOPICAL TERM
Topical term or geographic name entry element Telecommunication engineering.
942 ## - ADDED ENTRY ELEMENTS (KOHA)
Source of classification or shelving scheme
Koha item type Book
Holdings
Withdrawn status Lost status Source of classification or shelving scheme Damaged status Not for loan Collection code Permanent Location Current Location Date acquired Total Checkouts Full call number Barcode Date last seen Price effective from Koha item type
            Military College of Signals (MCS) Military College of Signals (MCS) 12/12/2016   621.382 MCSEB-1041 12/08/2016 12/12/2016 Book
© 2023 Central Library, National University of Sciences and Technology. All Rights Reserved.